| 000 | 01328nab a22002537a 4500 | ||
|---|---|---|---|
| 999 |
_c5614 _d5614 |
||
| 003 | OSt | ||
| 005 | 20251222115821.0 | ||
| 008 | 190429b xxu||||| |||| 00| 0 spa d | ||
| 040 | _cPJ | ||
| 100 |
_96588 _aAlvarez, María Gabriela |
||
| 245 | 1 | 0 |
_aCrímenes de lesa humanidad : _bel lavado de dinero durante la última dictadura cívico militar / _cMaría Gabriela Alvarez, Guido Adrián Palacín. |
| 260 |
_cCiudad Autónoma de Buenos Aires : _aThomson Reuters La Ley, _b2025. |
||
| 300 | _ap. 165-170 | ||
| 500 | _aCita: TR LALEY AR/DOC/1628/2025. | ||
| 505 | _aSumario: I. Introducción.— II. Resumen de los hechos.— III. Cómo los crímenes de la dictadura se transforman en activos legales.— IV. Conclusión. | ||
| 505 | _aFallo comentado: TOral Crim. Fed., Mar del Plata ~ 12/06/2024 ~ S., M. L. y otros s/ infracción art. 303 inc. 1° del Cód. Penal. | ||
| 505 | _tSi te interesa el texto completo, solicitalo a koha@justierradelfuego.gov.ar | ||
| 650 | 0 |
_9343 _aDERECHO PENAL |
|
| 650 | 0 |
_93064 _aLAVADO DE ACTIVOS |
|
| 650 | 0 |
_96334 _aCRÍMENES DE LESA HUMANIDAD |
|
| 700 |
_96587 _aPalacín, Guido Adrián _ecoautor |
||
| 773 | 0 |
_02658 _93164 _tRevista de derecho penal y criminología. Nº 7 - Agosto 2025 _dCiudad Autónoma de Buenos Aires : Thomson Reuters La Ley, 2017- _x00347914 |
|
| 942 |
_2udc _cANA |
||